000 00434nam a22001457a 4500
003 SGT
020 _a9780323390941
082 _a617.6342
_bM15J
100 _aJohn R. Calamia
245 _aModern Concepts in Aesthetic Dentistry and Multi-disciplined Reconstructive Grand Rounds
260 _aPhiladelphia, United States
_b Health Sciences Division
_c2015
300 _a529-760
650 _aCONSERVATIVE DENTISTRY
942 _2ddc
_cBK
999 _c18098
_d18098